书目信息 |
| 题名: |
语言·审美·文化
|
|
| 作者: | 郭宝亮 著 | |
| 分册: | ||
| 出版信息: | 石家庄 花山文艺出版社 2013.06 |
|
| 页数: | 280页 | |
| 开本: | 20cm | |
| 丛书名: | ||
| 单 册: | ||
| 中图分类: | I1 | |
| 科图分类: | ||
| 主题词: | 文学--世界 | |
| 电子资源: | ||
| ISBN: | 7-5511-1084-4 | |
| 000 | 00595nam0 2200205 450 | |
| 001 | 2638372212 | |
| 005 | 20260413104521.96 | |
| 010 | @a7-5511-1084-4@dCNY36.00 | |
| 100 | @a20260413d2013 km y0chiy0120 ea | |
| 101 | 0 | @achi |
| 102 | @aCN@b130000 | |
| 102 | @aCN@b130000 | |
| 200 | 1 | @a语言·审美·文化@AYu Yan·Shen Mei·Wen Hua@f郭宝亮著@FGuo Bao Liang Zhu |
| 210 | @a石家庄@c花山文艺出版社@d2013.06 | |
| 215 | @a280页@d20cm | |
| 606 | 0 | @a文学@x世界 |
| 690 | @aI1@v4 | |
| 701 | 0 | @a郭宝亮@AGuo Bao Liang@4著 |
| 801 | 0 | @aCN@b大连网信软件有限公司图书馆·11@c20260413 |
| 905 | @aZUCC@dI1@eZW450 | |
| 语言·审美·文化/郭宝亮著.-石家庄:花山文艺出版社,2013.06 |
| 280页;20cm |
| ISBN 7-5511-1084-4:CNY36.00 |
| ● |
| 相关链接 |
|
|
|
|
正题名:语言·审美·文化
索取号:I1/ZW450
 
预约/预借
| 序号 | 登录号 | 条形码 | 馆藏地/架位号 | 状态 | 备注 |
| 1 | 7623587 | 276235879 | 密集书库-文学院/ [索取号:I1/ZW450] | 在馆 |